Podkarpatská Rus v dějinách Československa 1918-1946

Salvato in:
Dettagli Bibliografici
Autore principale: Rychlík, Jan
Altri autori: Rychlíková, Magdaléna
Natura: Libro
Lingua:ceco
Pubblicazione: Praha Vyšehrad 2016
Soggetti:
Tags: Aggiungi Tag
Nessun Tag, puoi essere il primo ad aggiungerne!!

MARC

LEADER 00000nam a2200000 4500
001 0222903
005 20240314103513.9
020 |a 978-80-7429-556-0 
041 0 |a cze 
044 |a CZ 
245 1 0 |a Podkarpatská Rus v dějinách Československa 1918-1946  |c Jan Rychlík, Magdaléna Rychlíková 
264 1 |a Praha  |b Vyšehrad  |c 2016 
300 |a 234 s. 
610 2 0 |a história 
610 2 0 |a Československo 
610 2 0 |a menšiny národnostné 
610 2 0 |a autonómia 
610 2 0 |a vývoj hospodársky 
610 2 0 |a poľnohospodárstvo 
610 2 0 |a reformy pozemkové 
610 2 0 |a priemysel 
610 2 0 |a obchod 
610 2 0 |a bankovníctvo 
610 2 0 |a doprava 
610 2 0 |a turistika 
610 2 0 |a školstvo 
610 2 0 |a jazyk štátny 
100 1 |a Rychlík, Jan 
700 1 |a Rychlíková, Magdaléna